000 00476nam a2200169Ia 4500
003 GCL
008 140319s9999 xx 000 0 ara d
040 _aGCL /
_cGCL
082 0 4 _a810.9
_bد ق
100 1 _aداود عطاشة
245 1 0 _aقضايا النقد العربى قديما وحديثا /
_cداود عطاشة
260 _a[S.N] :
_bمكتبة دار الثقافة ،
_c1991
300 _a156 ص
490 _a
650 0 4 _aالادب
942 _2ddc
_cBK
999 _c43505
_d43505